| 000 | 00355nam a22001577a 4500 | ||
|---|---|---|---|
| 005 | 20160630095148.0 | ||
| 008 | 160630b xxu||||| |||| 00| 0 eng d | ||
| 041 | _aeng | ||
| 082 | _b12917 | ||
| 100 |
_aSingh, Swarn _93163 |
||
| 245 | _aWorkshop practice | ||
| 260 |
_bKatson _c2008 |
||
| 300 | _a257 | ||
| 650 |
_aDiploma Engineering _9817 |
||
| 942 | _cBK | ||
| 999 |
_c4825 _d4823 |
||